000
00341nam a2200145Ia 4500
008
191201s2005 xx 000 0 und d
082
_a
658.80285
_b
JAE
100
_a
JOSEPH, P T
245
0
_a
E-Commerce: An Indian Perspective
250
_a
2nd
260
_a
N.Delhi
_b
PHI
_c
2005
300
_a
490
650
_a
B.Tech(ME)
942
_2
ddc
_c
BK
999
_c
1176
_d
1176